AN ASSESMENT OF THE EFFECTS OF CAREER TRAINING AND COUNSELLING ON EMPLOYEE PERFORMANCE (Record no. 216038)

MARC details
000 -LEADER
fixed length control field 00488nam a22001457a 4500
008 - FIXED-LENGTH DATA ELEMENTS--GENERAL INFORMATION
fixed length control field 250814b |||||||| |||| 00| 0 eng d
050 ## - LIBRARY OF CONGRESS CALL NUMBER
Classification number RES HF 5549 .M68 2014
Item number C. 1
100 ## - MAIN ENTRY--PERSONAL NAME
Personal name MOTANYA, LILIAN MONG'INA
245 ## - TITLE STATEMENT
Title AN ASSESMENT OF THE EFFECTS OF CAREER TRAINING AND COUNSELLING ON EMPLOYEE PERFORMANCE
Remainder of title A CASE OF KISII UNIVERSITY, KISII COUNTY
260 ## - PUBLICATION, DISTRIBUTION, ETC.
Place of publication, distribution, etc. KISII
Name of publisher, distributor, etc. KSU
Date of publication, distribution, etc. 2014
300 ## - PHYSICAL DESCRIPTION
Extent X, 37P.
500 ## - GENERAL NOTE
General note INCLUDES REFERENCES
942 ## - ADDED ENTRY ELEMENTS (KOHA)
Source of classification or shelving scheme Library of Congress Classification
Koha item type Reference
Holdings
Withdrawn status Lost status Source of classification or shelving scheme Damaged status Not for loan Collection Home library Current library Shelving location Date acquired Inventory number Total checkouts Full call number Barcode Date last seen Copy number Price effective from Koha item type
    Library of Congress Classification   Not for loan Special Research Kisii University Library Kisii University Library On Display 08/14/2025 95294   RES HF 5549 .M68 2014 005224 08/14/2025 C.1 08/14/2025 Reference